Statistics for Random Quiz #2

Click here to take the quiz!

General Stats

  • This quiz has been taken 19 times
  • The average score is 8 of 15

Answer Stats

HintAnswer% Correct
When was the first World War fought?1914
89%
What is the fastest land animal in the world?Cheeta
89%
Which is the largest planet of the Solar System?Jupiter
83%
Which planet is closest to Sun?Mercury
83%
Which princess ate the poisonous apple?Snow White
83%
When was the second World War fought?1939
72%
Which country is the owner of SAMSUNG?South Korea
67%
Which country is famous for tulips?Holland
56%
Who is the best friend of Miney Mouse?Daisy Duck
44%
Which animal can sleep while standing up?Cow
28%
Which specie has the tongue 1.5 times in length of its body?Chameleon
22%
Which country is the owner of APPLE?America
17%
The most shoplifted food item in U.S. is?Candy
17%
Mc Donald’s is the fast-food company founded in?1940
11%
What is the name of the beast in beauty and the beast?Prince Adam
6%

Score Distribution

Percentile by Number Answered

Percent of People with Each Score

Your Score History

You have not taken this quiz